000 00841nam a2200253Ia 4500
003 OSt
005 20221005112538.0
006 a|||||r|||| 00| 0
007 ta
008 221004b |||||||| |||| 00| 0 pan d
020 _c100
024 _a106487
037 _b7848/III/A, 21/02/2011, Arsee Publishers
_cTextual
040 _aCRL
_cCRL
_bpan
041 _2pan
_apan
082 _aO153,1NAMx, Q1
100 _aਸੁਖਵਿੰਦਰ ਅੰਮ੍ਰਿਤ
245 0 _aਪੁੰਨਿਆਂ
260 _aਚੰਡੀਗੜ
_bਲੋਕਗੀਤ ਭਾਰਤ
_c2011
300 _a88ਪੰ
_ccm.
650 _aਪੰਜਾਬੀ ਸਾਹਿਤ
942 _hO153,1NAMx, Q1
_cTEXL
_2cc
999 _c1025214
_d1025214